01069nam a22002417a 450000500170000000800410001704100080005804400070006608200180007311000580009124500580014926000740020730000540028149000450033550001490038050501060052965000540063565000400068965000210072965000340075065000280078465000150081220180803165552.0140516b2014 ck ||||| |||| 00| 0 spa d aspa ack a344.046bB61g1 aFondo Biocomercio y Gestión Ambiental Estratégica10aNormativa asociada al biocomercio en ColombiahCD-Rom aBogotábFondo Biocomercio y Gestión Ambiental Estratégicac2014 aCD-RomeEs material anexo de guia legal ambiental aGuias Legales Ambientales de Biocomercio aCompilación de normas El cd-rom es anexo de Guia legal ambiental. (Ecoturismo, Fauna Silvestre y Pesca y productos maderables y no maderables) aNormas de Ecoturismo Normas de Fauna Normas de Maderables Normas de Pesca Normas sistemas productivos aProtección del medio ambientevNormaszColombia 6aDerecho ambientalvNormaszColombia 6aPesca sostenible 6aProductos maderablesxbosques 6aProductos no maderables 6aEcoturismo